[Event "Cto España Equipos Div. Honor"]
[Site "Mondariz - Hotel Cemar"]
[Date "2002.12.01"]
[Round "2.4"]
[White "Llobell Cortell, Enrique"]
[Black "Jerez, Alfonso"]
[Result "1/2-1/2"]
[WhiteElo "2385"]
[BlackElo "2392"]
[PlyCount "88"]
[EventDate "2002.11.30"]

1. e4 d6 2. Nc3 g6 3. f4 Bg7 4. Nf3 c5 5. Bc4 Nc6 6. O-O e6 7. d3 Nge7 8. Qe1
O-O 9. f5 d5 10. Bb3 c4 11. dxc4 dxe4 12. f6 exf3 13. fxg7 Qd4+ 14. Be3 Qxg7
15. Rxf3 Nf5 16. Bc5 Rd8 17. Rd1 Rxd1 18. Qxd1 b6 19. Bf2 Bb7 20. Rd3 h5 21. c5
bxc5 22. Bxe6 Nfd4 23. Bd5 Rd8 24. Be4 Qe5 25. Bg3 Qe6 26. Qe1 Re8 27. Qf2 Na5
28. Bxb7 Nxb7 29. Rd1 Nd6 30. Bxd6 Qxd6 31. Nb5 Qb6 32. Nxd4 cxd4 33. b3 Re3
34. h3 Qc5 35. Rf1 f5 36. Rd1 Kg7 37. a4 a5 38. Rd2 Qe5 39. Rd1 Qe4 40. Qd2 Re2
41. Qxd4+ Qxd4+ 42. Rxd4 Rxc2 43. b4 axb4 44. Rxb4 Ra2 1/2-1/2

[Event "Cto España Equipos Div. Honor"]
[Site "Mondariz - Hotel Cemar"]
[Date "2002.12.01"]
[Round "2.4"]
[White "Magem Badals, Jorge"]
[Black "Carrasco Martinez, Juan M"]
[Result "1-0"]
[WhiteElo "2506"]
[BlackElo "2370"]
[PlyCount "81"]
[EventDate "2002.11.30"]

1. e4 e6 2. d4 d5 3. Nc3 Bb4 4. e5 Ne7 5. a3 Bxc3+ 6. bxc3 c5 7. h4 b6 8. h5 h6
9. Bb5+ Bd7 10. Bd3 c4 11. Be2 Ba4 12. Nf3 Kd7 13. Nh4 Qg8 14. Ra2 Na6 15. Bg4
Nc7 16. O-O Qh7 17. g3 Raf8 18. Ng2 g6 19. Nf4 g5 20. Ng2 f5 21. exf6 Rxf6 22.
Ne3 Nf5 23. Bh3 Nxe3 24. Bxe3 Nb5 25. Bd2 Nd6 26. f3 Qf7 27. Bg4 Nf5 28. Kg2
Ng7 29. Rh1 Rf8 30. Qe2 Kc8 31. Be3 Kb7 32. Raa1 Qc7 33. Bf2 Be8 34. a4 a5 35.
Qe5 Qf7 36. Rhb1 Rxf3 37. Rxb6+ Kxb6 38. Qb8+ Kc6 39. Qc8+ Kd6 40. Qc5+ Kd7 41.
Rb1 1-0

[Event "Cto España Equipos Div. Honor"]
[Site "Mondariz - Hotel Cemar"]
[Date "2002.12.02"]
[Round "3.1"]
[White "Hernandez, Gilberto"]
[Black "Vera, Reynaldo"]
[Result "1/2-1/2"]
[WhiteElo "2546"]
[BlackElo "2544"]
[PlyCount "29"]
[EventDate "2002.11.30"]

1. e4 c5 2. Nf3 d6 3. Bc4 Nf6 4. d3 Nc6 5. c3 g6 6. Bb3 Bg7 7. O-O O-O 8. h3 h6
9. Re1 e5 10. a4 Re8 11. Be3 Be6 12. Na3 b6 13. Bxe6 Rxe6 14. Qb3 d5 15. Rab1
1/2-1/2

[Event "Cto España Equipos Div. Honor"]
[Site "Mondariz - Hotel Cemar"]
[Date "2002.12.02"]
[Round "3.1"]
[White "Rustemov, Alexander"]
[Black "Marin, Mihail"]
[Result "1/2-1/2"]
[WhiteElo "2597"]
[BlackElo "2556"]
[PlyCount "47"]
[EventDate "2002.11.30"]

1. d4 Nf6 2. c4 e6 3. Nf3 c5 4. d5 d6 5. Nc3 exd5 6. cxd5 g6 7. e4 a6 8. h3 b5
9. Bd3 Bg7 10. O-O O-O 11. a3 Nbd7 12. Bf4 Qe7 13. Re1 Bb7 14. Qd2 Rfe8 15.
Rad1 Qf8 16. Bc2 Nb6 17. b3 Nfd7 18. Re3 Ne5 19. Ne1 Bc8 20. Rg3 Ra7 21. Be3 f5
22. exf5 Bxf5 23. Bxf5 Qxf5 24. Nf3 1/2-1/2

[Event "Cto España Equipos Div. Honor"]
[Site "Mondariz - Hotel Cemar"]
[Date "2002.12.02"]
[Round "3.2"]
[White "Campos Moreno, Javier B"]
[Black "Dominguez Perez, Lenier"]
[Result "1/2-1/2"]
[WhiteElo "2475"]
[BlackElo "2608"]
[PlyCount "109"]
[EventDate "2002.11.30"]

1. d4 d5 2. c4 c6 3. Nf3 Nf6 4. e3 Bg4 5. Nc3 e6 6. h3 Bxf3 7. Qxf3 Nbd7 8. Bd3
Bb4 9. a3 Ba5 10. O-O O-O 11. b4 Bc7 12. Bb2 Nb6 13. Qe2 Nxc4 14. Bxc4 dxc4 15.
Qxc4 Nd5 16. Qe2 f5 17. f4 a6 18. g3 Nxc3 19. Bxc3 Qd5 20. Rfe1 Rf6 21. e4 fxe4
22. Qxe4 Qh5 23. Kg2 Raf8 24. Qf3 Qg6 25. Kh1 Qf5 26. Kg2 Rh6 27. g4 Qxf4 28.
Qxf4 Bxf4 29. Rf1 Rg6 30. Rae1 h5 31. Re4 Bh6 32. Rxf8+ Kxf8 33. Be1 hxg4 34.
hxg4 Rf6 35. Bg3 Bc1 36. a4 Ke7 37. b5 axb5 38. axb5 g5 39. bxc6 bxc6 40. Re5
Kd7 41. Ra5 Bf4 42. Bxf4 Rxf4 43. Rxg5 Rxd4 44. Kf3 Kd6 45. Rg8 e5 46. g5 Rf4+
47. Ke3 Kc5 48. g6 Rg4 49. Kf3 Rg5 50. g7 Rg6 51. Ke4 Rg5 52. Kf3 Kc4 53. Rc8
Rxg7 54. Rxc6+ Kd4 55. Rd6+ 1/2-1/2

[Event "Cto España Equipos Div. Honor"]
[Site "Mondariz - Hotel Cemar"]
[Date "2002.12.02"]
[Round "3.2"]
[White "Corral Blanco, Juan A"]
[Black "Franco Ocampos, F."]
[Result "1/2-1/2"]
[WhiteElo "2463"]
[BlackElo "2504"]
[PlyCount "54"]
[EventDate "2002.11.30"]

1. d4 Nf6 2. c4 e6 3. Nc3 Bb4 4. a3 Bxc3+ 5. bxc3 c5 6. e3 d5 7. cxd5 exd5 8.
Bd3 O-O 9. Ne2 b6 10. a4 Ba6 11. Bxa6 Nxa6 12. Qd3 Qc8 13. Ba3 Re8 14. O-O Qb7
15. f3 Rac8 16. Ng3 Re6 17. Rfe1 Rce8 18. Re2 c4 19. Qd2 Qd7 20. Bb2 g6 21. Qe1
h5 22. Nf1 Nb8 23. Nd2 Qe7 24. Ba3 Qb7 25. Qh4 Nbd7 26. Kf2 Qc6 27. Bb2 Nf8
1/2-1/2

[Event "Cto España Equipos Div. Honor"]
[Site "Mondariz - Hotel Cemar"]
[Date "2002.12.02"]
[Round "3.2"]
[White "Narciso Dublan, Marc"]
[Black "Romero Holmes, Alfonso"]
[Result "0-1"]
[WhiteElo "2467"]
[BlackElo "2524"]
[PlyCount "122"]
[EventDate "2002.11.30"]

1. d4 Nf6 2. c4 g6 3. Nc3 Bg7 4. e4 O-O 5. Nf3 d6 6. Be2 Bg4 7. Be3 Nfd7 8. Ng1
Bxe2 9. Ngxe2 c5 10. d5 Na6 11. O-O Nc7 12. a4 b6 13. f4 a6 14. Qd3 Re8 15. e5
dxe5 16. f5 Nf6 17. Ng3 Qd7 18. Nce4 Nxe4 19. Qxe4 Rf8 20. a5 b5 21. b3 Ne8 22.
Bxc5 Nd6 23. Bxd6 Qxd6 24. Qe3 bxc4 25. bxc4 Rac8 26. Ne4 Qd7 27. fxg6 hxg6 28.
Qe2 Bh6 29. Rf6 Qa7+ 30. Rb6 f5 31. Nf2 Rf6 32. Rab1 e4 33. g4 Rcf8 34. Kh1 e3
35. Nh3 fxg4 36. Qxg4 Qc7 37. Qe4 Qc8 38. Kg2 Qe8 39. Rc6 Qd7 40. Re6 Rxe6 41.
dxe6 Qe8 42. Rf1 Rxf1 43. Kxf1 Qf8+ 44. Kg2 Qf6 45. c5 Kg7 46. c6 Qb2+ 47. Kh1
e2 48. Ng1 Qc1 49. Qe5+ Kh7 50. Qxe2 Be3 51. Kg2 Bxg1 52. Qe4 Qg5+ 53. Kh3 Qh5+
54. Kg3 Qxh2+ 55. Kg4 Qh5+ 56. Kg3 Bh2+ 57. Kg2 Bc7 58. Qc4 Qg5+ 59. Kf3 Qxa5
60. Kg2 Qg5+ 61. Kf3 a5 0-1

[Event "Cto España Equipos Div. Honor"]
[Site "Mondariz - Hotel Cemar"]
[Date "2002.12.02"]
[Round "3.2"]
[White "Rodriguez Guerrero, Enrique"]
[Black "Arizmendi Martinez, Julen Luis"]
[Result "1/2-1/2"]
[WhiteElo "2319"]
[BlackElo "2510"]
[PlyCount "122"]
[EventDate "2002.11.30"]

1. e4 e6 2. d4 d5 3. Nc3 Nf6 4. e5 Nfd7 5. Nf3 c5 6. dxc5 Nc6 7. Bf4 Nxc5 8.
Bd3 Be7 9. Qe2 a6 10. h4 Qb6 11. O-O-O Qa5 12. Kb1 b5 13. Qd2 b4 14. Ne2 Na4
15. Nfd4 Nxd4 16. Nxd4 Bd7 17. h5 Rb8 18. Nb3 Qc7 19. h6 g6 20. Rhe1 O-O 21.
Bg5 Qd8 22. Bxe7 Qxe7 23. f4 Rfc8 24. Bxa6 Rc7 25. Bd3 Ra8 26. Qe3 Nc5 27. Nc1
Na4 28. Nb3 Nc5 29. g4 Ba4 30. Nd4 Rca7 31. Ne2 Bxc2+ 32. Bxc2 Rxa2 33. Bb3
Ra1+ 34. Kc2 Qc7 35. Qd4 Ne4+ 36. Kd3 Nc5+ 37. Ke3 Nxb3 38. Rxa1 Nxa1 39. Kf3
Nc2 40. Qd3 Qc4 41. Qxc4 dxc4 42. Rd1 Rb8 43. Ke4 b3 44. Rd6 Nb4 45. Kd4 Nd3
46. Kc3 Nf2 47. Kxc4 Nxg4 48. Nd4 Nxh6 49. Nc6 Rc8 50. Kb5 Nf5 51. Rd3 h5 52.
Kb6 Kg7 53. Kb7 Rh8 54. Rxb3 h4 55. Rh3 g5 56. fxg5 Kg6 57. b4 Kxg5 58. b5 Kg4
59. Rh1 h3 60. b6 Ng3 61. Rh2 Ne4 1/2-1/2

[Event "Cto España Equipos Div. Honor"]
[Site "Mondariz - Hotel Cemar"]
[Date "2002.12.02"]
[Round "3.3"]
[White "Del Rio Angelis, Gabriel"]
[Black "Granados Gomez, Manuel"]
[Result "1/2-1/2"]
[WhiteElo "2410"]
[BlackElo "2494"]
[PlyCount "112"]
[EventDate "2002.11.30"]

1. e4 e5 2. Nf3 Nc6 3. Bb5 Bc5 4. c3 Nf6 5. O-O O-O 6. d4 Bb6 7. dxe5 Nxe4 8.
Qd5 Nc5 9. Bg5 Ne7 10. Qd1 Ne4 11. Bh4 d5 12. Nbd2 Bf5 13. Nd4 Bxd4 14. cxd4 c6
15. Ba4 h6 16. f3 Ng5 17. Bf2 Ne6 18. Bc2 Qb6 19. Nb3 Bxc2 20. Qxc2 a5 21. Rac1
a4 22. Nc5 Nxc5 23. Qxc5 Qxc5 24. Rxc5 Ng6 25. Rc3 Nf4 26. Re1 Ne6 27. g3 f5
28. exf6 Rxf6 29. Kg2 g5 30. Ra3 Nc7 31. b3 axb3 32. Rxa8+ Nxa8 33. axb3 Nc7
34. Re7 Rf7 35. Re2 Kg7 36. g4 Kf6 37. Bg3 Ne6 38. h4 Ke7 39. hxg5 hxg5 40. Kf2
Kd7 41. Be5 Nf8 42. Ra2 Ng6 43. Bg3 Ke6 44. b4 Nf4 45. Ke3 Kd7 46. Rh2 Re7+ 47.
Kd2 b6 48. Bxf4 gxf4 49. g5 Rg7 50. Rh4 Rxg5 51. Rxf4 c5 $11 52. Rf6 cxb4 53.
Rxb6 Rg2+ 54. Ke3 Rb2 55. Kd3 Rb3+ 56. Kd2 Rxf3 1/2-1/2

[Event "Cto España Equipos Div. Honor"]
[Site "Mondariz - Hotel Cemar"]
[Date "2002.12.02"]
[Round "3.3"]
[White "Magem Badals, Jorge"]
[Black "Martin Gonzalez, Angel"]
[Result "1/2-1/2"]
[WhiteElo "2506"]
[BlackElo "2411"]
[PlyCount "58"]
[EventDate "2002.11.30"]

1. e4 c5 2. Nf3 d6 3. d4 cxd4 4. Nxd4 Nf6 5. Nc3 g6 6. Be3 Bg7 7. f3 Nc6 8. Qd2
O-O 9. Bc4 Bd7 10. O-O-O Qa5 11. Bb3 Rfc8 12. h4 Ne5 13. g4 Nc4 14. Bxc4 Rxc4
15. h5 Rac8 16. Nb3 Qa6 17. hxg6 hxg6 18. e5 dxe5 19. Bh6 Bh8 20. g5 Nh5 21.
Qxd7 e4 22. Qxe7 exf3 23. Rd8+ Rxd8 24. Qxd8+ Kh7 25. Rxh5 gxh5 26. Qd3+ Kg8
27. Qd8+ Kh7 28. Qd3+ Kg8 29. Qd8+ Kh7 1/2-1/2

[Event "Cto España Equipos Div. Honor"]
[Site "Mondariz - Hotel Cemar"]
[Date "2002.12.02"]
[Round "3.3"]
[White "Pomes, Juan"]
[Black "Baron Rodriguez, Jesus"]
[Result "1/2-1/2"]
[WhiteElo "2380"]
[BlackElo "2412"]
[PlyCount "30"]
[EventDate "2002.11.30"]

1. d4 d5 2. c4 dxc4 3. Nf3 Nf6 4. Qa4+ Nbd7 5. g3 a6 6. Qxc4 b5 7. Qc6 Ra7 8.
Bf4 Bb7 9. Qc2 Nd5 10. Bd2 e5 11. dxe5 Nb4 12. Bxb4 Bxb4+ 13. Nc3 Bxf3 14. exf3
Nxe5 15. Be2 O-O 1/2-1/2

[Event "Cto España Equipos Div. Honor"]
[Site "Mondariz - Hotel Cemar"]
[Date "2002.12.02"]
[Round "3.3"]
[White "Reinaldo, Roi"]
[Black "Lezcano Jaen, Pedro"]
[Result "1/2-1/2"]
[WhiteElo "2412"]
[BlackElo "2402"]
[PlyCount "54"]
[EventDate "2002.11.30"]

1. e4 Nf6 2. e5 Nd5 3. Nc3 Nxc3 4. bxc3 d5 5. f4 c5 6. Nf3 Nc6 7. Be2 e6 8. O-O
Be7 9. d4 Qa5 10. Bd2 Qa4 11. Be1 Bd7 12. Bf2 cxd4 13. cxd4 Na5 14. Bh4 Bxh4
15. Nxh4 Rc8 16. f5 exf5 17. Nxf5 Bxf5 18. Rxf5 O-O 19. Rf4 Qxc2 20. Qf1 Nc6
21. Rb1 Rc7 22. Rb3 Ne7 23. h4 Qc1 24. Bd1 Qc4 25. Be2 Qc1 26. Bd1 Qc4 27. Be2
Qc1 1/2-1/2

[Event "Cto España Equipos Div. Honor"]
[Site "Mondariz - Hotel Cemar"]
[Date "2002.12.02"]
[Round "3.3"]
[White "Vasallo, Mauricio"]
[Black "Castillo Gallego, Sergio"]
[Result "1-0"]
[WhiteElo "2460"]
[BlackElo "2208"]
[PlyCount "169"]
[EventDate "2002.11.30"]

1. Nf3 Nf6 2. d4 d5 3. c4 e6 4. Nc3 c6 5. cxd5 exd5 6. Qc2 g6 7. Bg5 Be7 8. e3
Bf5 9. Bd3 Bxd3 10. Qxd3 Nbd7 11. Bh6 Bf8 12. Bxf8 Kxf8 13. O-O Qc7 14. Qc2 Kg7
15. b4 b5 16. a4 a6 17. Rfb1 Nb6 18. Ne5 Qd6 19. Qe2 Rhe8 20. Nd3 Nc4 21. h3
Qc7 22. Ra2 Nd7 23. Rba1 Ndb6 24. Qf3 Qd6 25. Nc5 Qf6 26. Ne2 Qxf3 27. gxf3 Nd6
28. Nf4 Nf5 29. Nfd3 f6 30. Nf4 Kf7 31. axb5 axb5 32. Ra7+ Ne7 33. Nb7 Kg8 34.
Nc5 Na4 35. Rc7 Rac8 36. Rb7 Rb8 37. Rxb8 Rxb8 38. Nd7 Rb7 39. Nxf6+ Kg7 40.
Ng4 Kf7 41. Ne5+ Kf6 42. Nfd3 Rc7 43. Kf1 Nc8 44. Rc1 Na7 45. Ke2 Nb6 46. Ra1
Na4 47. Kd2 Nc8 48. Rc1 Na7 49. f4 Nb6 50. Ra1 Nac8 51. Nc5 Ra7 52. Rxa7 Nxa7
53. f3 Nc4+ 54. Ke2 Na3 55. Ncd7+ Ke7 56. Kd3 Nc4 57. Nc5 Nb2+ 58. Ke2 Nc4 59.
e4 Nb6 60. Nb3 Ke6 61. Ng4 Nac8 62. Nc5+ Ke7 63. Ne3 Nc4 64. f5 Nxe3 65. Kxe3
gxf5 66. exf5 Kf6 67. Kf4 Nb6 68. Kg4 h6 69. h4 Kf7 70. Nd3 Nc4 71. Kf4 Kf6 72.
Ne5 Nd6 73. Ng4+ Kg7 74. Ke5 Ne8 75. f6+ Kf7 76. h5 Nc7 77. Nxh6+ Kf8 78. Nf5
c5 79. dxc5 d4 80. Nxd4 Kf7 81. Nf5 Kg8 82. Nd6 Kf8 83. h6 Kg8 84. c6 Kh7 85.
f7 1-0

[Event "Cto España Equipos Div. Honor"]
[Site "Mondariz - Hotel Cemar"]
[Date "2002.12.02"]
[Round "3.4"]
[White "Carrasco Martinez, Juan M"]
[Black "Guerra Bastida, Diego"]
[Result "0-1"]
[WhiteElo "2370"]
[BlackElo "2361"]
[PlyCount "106"]
[EventDate "2002.11.30"]

1. d4 Nf6 2. Nf3 c5 3. d5 e6 4. Nc3 exd5 5. Nxd5 Nxd5 6. Qxd5 Be7 7. e4 O-O 8.
Bc4 d6 9. Ng5 Qe8 10. Bf4 Bxg5 11. Bxg5 Be6 12. Qd3 Bxc4 13. Qxc4 Qe5 14. Be3
Qxb2 15. O-O Qf6 16. Rad1 Nc6 17. Qd5 Rfe8 18. Qxd6 Qxd6 19. Rxd6 Rxe4 20. Bxc5
Rc4 21. Be3 Rxc2 22. Rd7 b6 23. h3 h6 24. a4 Rd8 25. Rc7 Rd6 26. Ra1 Rc4 27. a5
bxa5 28. Bxa7 a4 29. Be3 Rd8 30. Kf1 Ra8 31. Ra3 Rb8 32. Ra1 a3 33. g3 Ra8 34.
Ra2 Ra6 35. Bd2 Rd4 36. Ke1 Rd3 37. Rb7 Nd4 38. Be3 Re6 39. Ra7 Nb5 40. Ra5 Rb3
41. Ra1 Rb2 42. Kf1 Rd6 43. Kg2 Rd3 44. Kf3 f5 45. Kf4 Rb4+ 46. Kxf5 Kf7 47.
Ke5 Nc3 48. Ra7+ Kg6 49. Ra6+ Kh7 50. Ra5 Re4+ 51. Kf5 g6+ (51... Rd6 $1) 52.
Kf6 Rd6+ 53. Kf7 Nd5 0-1

[Event "Cto España Equipos Div. Honor"]
[Site "Mondariz - Hotel Cemar"]
[Date "2002.12.02"]
[Round "3.4"]
[White "De La Rocha Prieto, Ramon"]
[Black "Gonzalez Velez, Fermin"]
[Result "1-0"]
[WhiteElo "2285"]
[BlackElo "2379"]
[PlyCount "43"]
[EventDate "2002.11.30"]

1. c4 b6 2. Nc3 Bb7 3. e4 e6 4. g3 f5 5. Bg2 Bb4 6. Nge2 Nf6 7. O-O Bxc3 8.
Nxc3 Nxe4 9. Nxe4 fxe4 10. Qh5+ g6 11. Qh6 Qf6 12. d3 Nc6 13. Bg5 Qxb2 14. Bxe4
Nd8 15. Bxd8 Bxe4 16. Bxc7 Bxd3 17. Rfe1 Rf8 18. Qe3 Bxc4 19. Be5 Qc2 20. Bd6
Rf7 21. Rac1 Qxa2 22. Qd4 1-0

[Event "Cto España Equipos Div. Honor"]
[Site "Mondariz - Hotel Cemar"]
[Date "2002.12.02"]
[Round "3.4"]
[White "Estremera Panos, Sergio"]
[Black "Moreno, Javier"]
[Result "1/2-1/2"]
[WhiteElo "2359"]
[BlackElo "2503"]
[PlyCount "39"]
[EventDate "2002.11.30"]

1. d4 d6 2. c4 e5 3. e3 Nc6 4. Nc3 g6 5. Nf3 Bg7 6. Be2 f5 7. dxe5 dxe5 8.
Qxd8+ Nxd8 9. Nd5 Ne6 10. Ng5 Nxg5 11. Nxc7+ Kd8 12. Nxa8 Bd7 13. Bd2 Kc8 14.
Ba5 Bc6 15. O-O Nf6 16. Nc7 b6 17. h4 Nge4 18. Ne6 Bh6 19. Bb4 Re8 20. Ng5
1/2-1/2

[Event "Cto España Equipos Div. Honor"]
[Site "Mondariz - Hotel Cemar"]
[Date "2002.12.02"]
[Round "3.4"]
[White "Jerez, Alfonso"]
[Black "Hernando R, Jose Ma"]
[Result "1-0"]
[WhiteElo "2392"]
[BlackElo "2371"]
[PlyCount "89"]
[EventDate "2002.11.30"]

1. d4 e6 2. c4 d5 3. Nc3 c6 4. Nf3 f5 5. Bf4 Nf6 6. e3 Be7 7. Bd3 O-O 8. O-O
Ne4 9. Nd2 Bd6 10. Bxd6 Qxd6 11. f3 Nxc3 12. bxc3 e5 13. f4 e4 14. Be2 b6 15.
a4 Be6 16. Qb3 Nd7 17. a5 Rfb8 18. Rfb1 bxa5 19. Qa2 Rxb1+ 20. Rxb1 Qc7 21. c5
Rb8 22. Rxb8+ Qxb8 23. Nb3 g5 24. Nxa5 gxf4 25. Nxc6 Qe8 26. Nxa7 fxe3 27. c6
Nb6 28. Qa6 Qb8 29. g3 Nc8 30. c7 Qb1+ 31. Kg2 Bd7 32. Nxc8 f4 33. gxf4 Qe1 34.
Ne7+ Kf7 35. c8=Q Qf2+ 36. Kh1 Qe1+ 37. Bf1 Bxc8 38. Nxc8 Qf2 39. Qe2 Qxf4 40.
Qh5+ Kf8 41. Bb5 Qf2 42. Qh6+ Kg8 43. Ne7+ Kf7 44. Qxh7+ Ke6 45. Qf5+ 1-0

[Event "Cto España Equipos Div. Honor"]
[Site "Mondariz - Hotel Cemar"]
[Date "2002.12.02"]
[Round "3.4"]
[White "Ruiz Jimenez, Francisco"]
[Black "Llobell Cortell, Enrique"]
[Result "1-0"]
[WhiteElo "2119"]
[BlackElo "2385"]
[PlyCount "83"]
[EventDate "2002.11.30"]

1. e4 e6 2. d4 d5 3. Nd2 Nf6 4. e5 Nfd7 5. Bd3 c5 6. c3 Nc6 7. Ne2 cxd4 8. cxd4
f6 9. exf6 Qxf6 10. Nf3 h6 11. O-O Bd6 12. Be3 O-O 13. Bc2 Rd8 14. Qd2 Nf8 15.
Bf4 Bxf4 16. Nxf4 Bd7 17. Rfe1 Rac8 18. Rac1 a6 19. Bb1 Rc7 20. Ne5 Rdc8 21.
Nxc6 Rxc6 22. Rxc6 Rxc6 23. Qe3 Rc4 24. Ne2 Be8 25. b3 Rc6 26. Nf4 Bf7 27. g3
Rc7 28. Kg2 Rc8 29. h4 Qd8 30. Rc1 Rc7 31. Rc2 Rxc2 32. Bxc2 Qa5 33. a4 Qc7 34.
Qd3 e5 35. dxe5 Qxe5 36. Qf5 Qd6 37. Qc8 d4 38. h5 Bd5+ 39. Kh2 a5 40. Ng6 Bf7
41. Nxf8 d3 42. Ng6+ 1-0

[Event "Cto España Equipos Div. Honor"]
[Site "Mondariz - Hotel Cemar"]
[Date "2002.12.03"]
[Round "4.1"]
[White "Giorgadze, Giorgi"]
[Black "Rodriguez Vargas, Orestes"]
[Result "1/2-1/2"]
[WhiteElo "2601"]
[BlackElo "2465"]
[PlyCount "105"]
[EventDate "2002.11.30"]

1. d4 d5 2. c4 e6 3. Nc3 c6 4. e3 Bd6 5. f4 Nf6 6. Nf3 c5 7. Bd3 Nc6 8. O-O O-O
9. b3 dxc4 10. bxc4 cxd4 11. exd4 b6 12. Be3 Be7 13. Qe2 Nb4 14. Bb1 Ba6 15.
Ne5 Rc8 16. a4 Bxc4 17. Nxc4 Qc7 18. Nxb6 axb6 19. Ne4 g6 20. Nxf6+ Bxf6 21.
Be4 Rfd8 22. Rfd1 Nd5 23. Bxd5 Rxd5 24. Rab1 Qd6 25. Qb2 Rc6 26. h3 h5 27. Kh1
Ra5 28. Qb4 Qxb4 29. Rxb4 Be7 30. d5 exd5 31. Rxb6 Rxb6 32. Bxb6 Rxa4 33. Rxd5
Rxf4 34. Bd8 Bf8 35. Bb6 f6 36. Rd7 Bh6 37. g3 Re4 38. h4 Bf8 39. Kg2 Re6 40.
Bd4 Be7 41. Rc7 f5 42. Kf3 Re4 43. Bc5 Bf6 44. Rc6 Kf7 45. Rc7+ Ke6 46. Rc6+
Kf7 47. Rc7+ Be7 48. Bxe7 Rxe7 49. Rc3 Kf6 50. Ra3 Re4 51. Ra6+ Re6 52. Ra3 Rb6
53. Re3 1/2-1/2

[Event "Cto España Equipos Div. Honor"]
[Site "Mondariz - Hotel Cemar"]
[Date "2002.12.03"]
[Round "4.2"]
[White "Franco, Zenon"]
[Black "Campos Moreno, Javier B"]
[Result "1/2-1/2"]
[WhiteElo "2504"]
[BlackElo "2475"]
[PlyCount "29"]
[EventDate "2002.11.30"]

1. c4 e6 2. Nf3 d5 3. b3 Nf6 4. e3 Be7 5. g3 O-O 6. Bg2 Nbd7 7. O-O a5 8. Nc3
Nb6 9. d3 a4 10. Rb1 c6 11. Qe2 Bb4 12. Bd2 Qe7 13. d4 axb3 14. axb3 Nbd7 15.
Rfd1 1/2-1/2

[Event "Cto España Equipos Div. Honor"]
[Site "Mondariz - Hotel Cemar"]
[Date "2002.12.03"]
[Round "4.2"]
[White "Rodriguez Guerrero, Enrique"]
[Black "Granados Gomez, Manuel"]
[Result "1-0"]
[WhiteElo "2319"]
[BlackElo "2410"]
[PlyCount "63"]
[EventDate "2002.11.30"]

1. e4 e5 2. Nf3 Nc6 3. Bb5 Bc5 4. O-O Nf6 5. c3 O-O 6. d4 Bb6 7. Bg5 h6 8. Bh4
d6 9. a4 a5 10. Re1 exd4 11. Bxc6 bxc6 12. Nxd4 g5 13. Bg3 Re8 14. Nd2 c5 15.
Nf5 Bxf5 16. exf5 Rxe1+ 17. Qxe1 Qd7 18. Qb1 Re8 19. c4 d5 20. Qd3 d4 21. h3 c6
22. h4 g4 23. Bf4 Kg7 24. Nf1 Bc7 25. Bxc7 Qxc7 26. Ng3 Qb8 27. b3 Qb4 28. Kh2
Rb8 29. Qe2 Qc3 30. Qe5 Qxa1 31. Nh5+ Kf8 32. Qd6+ 1-0

[Event "Cto España Equipos Div. Honor"]
[Site "Mondariz - Hotel Cemar"]
[Date "2002.12.03"]
[Round "4.3"]
[White "Del Rio Angelis, Gabriel"]
[Black "Pomes, Juan"]
[Result "1-0"]
[WhiteElo "2494"]
[BlackElo "2380"]
[PlyCount "144"]
[EventDate "2002.11.30"]

1. e4 d5 2. exd5 Qxd5 3. Nc3 Qa5 4. d4 Nf6 5. Bc4 c6 6. Qe2 Bf5 7. Bd2 e6 8. d5
cxd5 9. Nxd5 Qd8 10. Ne3 Be4 11. O-O-O Nbd7 12. f3 Bg6 13. f4 Bc5 14. f5 Bxe3
15. Qxe3 Bxf5 16. Bb4 Qc7 17. Bb3 a5 18. Bd6 Qb6 19. Qf4 Qc6 20. Nf3 Ne4 21.
Ba3 Nec5 22. Bd5 Qa6 23. Bc4 b5 24. Nd4 bxc4 25. Nxf5 O-O 26. Nxg7 e5 27. Qe3
Qg6 28. Bxc5 Nxc5 29. Qxc5 Qxg7 30. Qxc4 Kh8 31. Qd5 f6 32. Kb1 a4 33. a3 Rab8
34. Qd7 Qxg2 35. Qxa4 Qb7 36. b4 Rfc8 37. Rhg1 Rc6 38. Qb3 Qe7 39. Qd5 Ra6 40.
Rg3 e4 41. Rdg1 Qe6 42. Qd4 Re8 43. Rg7 Rxa3 44. Qc5 Rh3 45. Rb7 Rc8 46. Re7
Rxc5 47. Rxe6 Rc8 48. Rxe4 Rxh2 49. Rc1 f5 50. Rf4 Rb8 51. c3 Rb5 52. Rc2 Rxc2
53. Kxc2 Kg7 54. Kb3 Kf6 55. c4 Rb8 56. b5 Ke5 57. Rf1 f4 58. Kb4 Rf8 59. b6
Kd6 60. Kb5 Rf5+ 61. Ka6 f3 62. c5+ Kxc5 63. b7 Rf8 64. Rc1+ Kd5 65. Rc8 Rf6+
66. Ka5 f2 67. b8=Q f1=Q 68. Qb3+ Ke5 69. Rc5+ Kf4 70. Rc4+ Kf5 71. Qb5+ Kg6
72. Rg4+ Kh6 1-0

[Event "Cto España Equipos Div. Honor"]
[Site "Mondariz - Hotel Cemar"]
[Date "2002.12.03"]
[Round "4.3"]
[White "Jerez, Alfonso"]
[Black "Castillo Gallego, Sergio"]
[Result "1-0"]
[WhiteElo "2392"]
[BlackElo "2208"]
[PlyCount "69"]
[EventDate "2002.11.30"]

1. d4 Nf6 2. c4 g6 3. Nc3 Bg7 4. g3 O-O 5. Bg2 d6 6. Nf3 Nbd7 7. O-O e5 8. b3
Re8 9. Bb2 c6 10. Qc2 Qe7 11. Rad1 Nh5 12. dxe5 dxe5 13. Ne4 Nf8 14. Nd6 Rd8
15. Ba3 Qc7 16. e3 Qa5 17. Qc1 Ne6 18. c5 f5 19. Qc4 Qa6 20. Qxa6 bxa6 21. Nd2
e4 22. f3 Nf6 23. fxe4 fxe4 24. N2xe4 Nd5 25. Nxc8 Raxc8 26. Nd6 Nxe3 27. Nxc8
Rxc8 28. Bh3 Nf5 29. Bxf5 gxf5 30. Rxf5 Nd4 31. Rf2 Nb5 32. Bb2 Nc3 33. Bxc3
Bxc3 34. Rd7 Bb4 35. Rf5 1-0

[Event "Cto España Equipos Div. Honor"]
[Site "Mondariz - Hotel Cemar"]
[Date "2002.12.03"]
[Round "4.3"]
[White "Lezcano Jaen, Pedro"]
[Black "Vasallo, Mauricio"]
[Result "1-0"]
[WhiteElo "2402"]
[BlackElo "2460"]
[PlyCount "69"]
[EventDate "2002.11.30"]

1. c4 e5 2. g3 Nc6 3. Bg2 g6 4. Nc3 Bg7 5. d3 d6 6. e4 Nge7 7. Nge2 O-O 8. O-O
Be6 9. Nd5 Qd7 10. Be3 f5 11. Qd2 Rae8 12. Rae1 Nc8 13. b3 Nd8 14. exf5 Bxf5
15. d4 c6 16. Ndc3 Bh3 17. d5 Bxg2 18. Kxg2 c5 19. f3 Nf7 20. a4 Ne7 21. g4 Kh8
22. Ne4 Rg8 23. Kh1 Nf5 24. gxf5 gxf5 25. Ng5 Nxg5 26. Bxg5 f4 27. Nc3 h6 28.
Bh4 Qh3 29. Qf2 e4 30. Nxe4 Ref8 31. Rg1 Kh7 32. Rg4 Bc3 33. Reg1 Bd4 34. Qg2
Rxg4 35. Qxg4 1-0

[Event "Cto España Equipos Div. Honor"]
[Site "Mondariz - Hotel Cemar"]
[Date "2002.12.03"]
[Round "4.3"]
[White "Martin Gonzalez, Angel"]
[Black "Reinaldo, Roi"]
[Result "1/2-1/2"]
[WhiteElo "2411"]
[BlackElo "2112"]
[PlyCount "47"]
[EventDate "2002.11.30"]

1. e4 c5 2. Nf3 e6 3. Nc3 a6 4. d4 cxd4 5. Nxd4 b5 6. Be3 Bb7 7. Bd3 Nc6 8. f4
Qb6 9. Nf5 Qc7 10. Ng3 d6 11. O-O Nf6 12. Nh5 Nxh5 13. Qxh5 g6 14. Qh4 Be7 15.
Qf2 O-O 16. Bb6 Qc8 17. Rad1 Nb4 18. f5 Bf6 19. Be3 Nxd3 20. cxd3 exf5 21. exf5
Qxf5 $11 22. Qxf5 gxf5 23. Rxf5 Bg7 24. Bf4 1/2-1/2

[Event "Cto España Equipos Div. Honor"]
[Site "Mondariz - Hotel Cemar"]
[Date "2002.12.03"]
[Round "4.4"]
[White "Garcia Castro, Pablo"]
[Black "Estremera Panos, Sergio"]
[Result "1/2-1/2"]
[WhiteElo "2330"]
[BlackElo "2359"]
[PlyCount "24"]
[EventDate "2002.11.30"]

1. e4 e5 2. Nc3 Nf6 3. g3 Nc6 4. Bg2 Bc5 5. d3 a6 6. Nf3 d6 7. O-O h6 8. Be3
Bg4 9. h3 Bxf3 10. Qxf3 Nd4 11. Qd1 c6 12. Ne2 Nxe2+ $11 1/2-1/2